000 00382nam a2200133Ia 4500
008 231221s9999 xx 000 0 und d
020 _a978-0-387-48137-1
041 _aEnglish
100 _aUday Kulkarni, Daniel J. Power, Ramesh Sharda
245 0 _aDecision Support for Global Enterprises
260 _c2007
_bSpringer US
_aNew York
650 _aComputer Science
942 _cEB
999 _c218192
_d218192